logo

Bir Sreshtho Munshi Abdur Rouf Library
Jhenaidah Cadet College

The New Knowing About Numbers / (Record no. 6644)

MARC details
000 -LEADER
fixed length control field 00701nam a22002417a 4500
001 - CONTROL NUMBER
JCCL Control Number 6644
003 - CONTROL NUMBER IDENTIFIER
JCCL marc code BD-JhCC
005 - DATE AND TIME OF LATEST TRANSACTION
control field 20180401101954.0
008 - FIXED-LENGTH DATA ELEMENTS--GENERAL INFORMATION
fixed length control field 180127s1959 xxuadp|| |||| 00| 0 eng d
035 ## - SYSTEM CONTROL NUMBER
system control number (BD-JhCC)6644
040 ## - CATALOGING SOURCE
Original cataloging agency BD-JhCC
Modifying agency BD-JhCC
041 ## - LANGUAGE CODE
Language code of Book eng
082 ## - DEWEY DECIMAL CLASSIFICATION NUMBER
Classification number 511
Author mark and Year BRU 1959
100 ## - MAIN ENTRY--PERSONAL NAME
Personal name Brueckner, Leo J.
245 ## - TITLE STATEMENT
Title The New Knowing About Numbers /
Statement of responsibility, etc Leo J. Brueckner, Foster E. Grossnickle, EldaL. merton
260 ## - PUBLICATION, DISTRIBUTION, ETC. (IMPRINT)
Place of publication, distribution, etc USA :
Name of publisher, distributor, etc The Jhon C. Winston Company,
Date of publication, distribution, etc 1959.
300 ## - PHYSICAL DESCRIPTION
Pagination 410 p. :
Other physical details ill.;
Dimensions 22 cm.
650 ## - SUBJECT ADDED ENTRY--TOPICAL TERM
Topical term or geographic name as entry element Arithmetic
General subdivision Stduy and Teaching (Elementary)
700 ## - ADDED ENTRY--PERSONAL NAME
Personal name Grossnickle, Foster E.
700 ## - ADDED ENTRY--PERSONAL NAME
Personal name Merton, EldaL
942 ## - ADDED ENTRY ELEMENTS (KOHA)
Source of classification or shelving scheme Dewey Decimal Classification
Koha item type Books
Holdings
Source of classification or shelving scheme Damaged status Not for loan Home library Current library Shelving location Source of acquisition Total Checkouts Full call number Barcode Date last seen Koha item type
Dewey Decimal Classification     JCC Rouf Library JCC Rouf Library General Stacks The Asia Foundation   511 BRU 1959 9001 01/27/2018 Books

JCC Library | Contacts | JCC Home

Last Update on 23 September 2017
Copyright @ 2017-2020 JCC Rouf Library
Rouf Library, Jhenidah Cadet College (JCC), Bangladesh